| 000 -LEADER |
| fixed length control field |
02410cam a22005054a 4500 |
| 001 - CONTROL NUMBER |
| control field |
14454812 |
| 003 - CONTROL NUMBER IDENTIFIER |
| control field |
OSt |
| 005 - DATE AND TIME OF LATEST TRANSACTION |
| control field |
20210416054357.0 |
| 008 - FIXED-LENGTH DATA ELEMENTS--GENERAL INFORMATION |
| fixed length control field |
060714s2006 nyua b 001 0 eng c |
| 010 ## - LIBRARY OF CONGRESS CONTROL NUMBER |
| LC control number |
2006023279 |
| 015 ## - NATIONAL BIBLIOGRAPHY NUMBER |
| National bibliography number |
GBA674831 |
| Source |
bnb |
| 016 7# - NATIONAL BIBLIOGRAPHIC AGENCY CONTROL NUMBER |
| Record control number |
013541958 |
| Source |
Uk |
| 020 ## - INTERNATIONAL STANDARD BOOK NUMBER |
| International Standard Book Number |
0801443466 (cloth : alk. paper) |
| 020 ## - INTERNATIONAL STANDARD BOOK NUMBER |
| International Standard Book Number |
0801473527 (pbk. : alk. paper) |
| 020 ## - INTERNATIONAL STANDARD BOOK NUMBER |
| International Standard Book Number |
9780801443466 |
| 020 ## - INTERNATIONAL STANDARD BOOK NUMBER |
| International Standard Book Number |
9780801473524 |
| 035 ## - SYSTEM CONTROL NUMBER |
| System control number |
(OCoLC)ocm70668731 |
| 035 ## - SYSTEM CONTROL NUMBER |
| System control number |
(OCoLC)70668731 |
| 040 ## - CATALOGING SOURCE |
| Original cataloging agency |
NIC/DLC |
| Transcribing agency |
DLC |
| Modifying agency |
BAKER |
| -- |
UKM |
| -- |
C#P |
| -- |
YDX |
| -- |
COO |
| -- |
YDXCP |
| -- |
VLY |
| -- |
IXA |
| -- |
GZM |
| -- |
UBY |
| -- |
DLC |
| 042 ## - AUTHENTICATION CODE |
| Authentication code |
pcc |
| 043 ## - GEOGRAPHIC AREA CODE |
| Geographic area code |
e-ru--- |
| 050 00 - LIBRARY OF CONGRESS CALL NUMBER |
| Classification number |
JN6695.A55 |
| Item number |
C639 2006 |
| 080 ## - UNIVERSAL DECIMAL CLASSIFICATION NUMBER |
| Universal Decimal Classification number |
94 |
| Item number |
L-46 |
| 082 00 - DEWEY DECIMAL CLASSIFICATION NUMBER |
| Classification number |
320.947 |
| Edition number |
22 |
| 100 1# - MAIN ENTRY--PERSONAL NAME |
| Personal name |
Ledeneva, Alena V., |
| Dates associated with a name |
1964- |
| 245 10 - TITLE STATEMENT |
| Title |
How Russia really works : |
| Remainder of title |
the informal practices that shaped post-Soviet politics and business / |
| Statement of responsibility, etc. |
Alena V. Ledeneva. |
| 260 ## - PUBLICATION, DISTRIBUTION, ETC. |
| Place of publication, distribution, etc. |
Ithaca : |
| Name of publisher, distributor, etc. |
Cornell University Press, |
| Date of publication, distribution, etc. |
2006. |
| 300 ## - PHYSICAL DESCRIPTION |
| Extent |
xii, 270 p. : |
| Other physical details |
ill. ; |
| Dimensions |
25 cm. |
| 365 ## - TRADE PRICE |
| Price amount |
22.95 usd |
| 440 #0 - SERIES STATEMENT/ADDED ENTRY--TITLE |
| Title |
Culture and society after socialism |
| 504 ## - BIBLIOGRAPHY, ETC. NOTE |
| Bibliography, etc. note |
Includes bibliographical references (p. [241]-261) and index. |
| 505 0# - FORMATTED CONTENTS NOTE |
| Formatted contents note |
Why are informal practices still prevalent in Russia? -- Chernyi piar : manipulative campaigning and the workings of Russian democracy -- Kompromat : the use of compromising information in informal politics -- Krugovaia poruka : sustaining the ties of joint responsibility -- Tenevoi barter : shadow barter, barter chains, and nonmonetary markets -- Dvoinaia bukhgalteriia : double accountancy and financial scheming -- Post-Soviet tolkachi : alternative enforcement and the use of law. |
| 650 #0 - SUBJECT ADDED ENTRY--TOPICAL TERM |
| Topical term or geographic name entry element |
Political corruption |
| Geographic subdivision |
Russia (Federation) |
| 650 #0 - SUBJECT ADDED ENTRY--TOPICAL TERM |
| Topical term or geographic name entry element |
Political culture |
| Geographic subdivision |
Russia (Federation) |
| 650 #0 - SUBJECT ADDED ENTRY--TOPICAL TERM |
| Topical term or geographic name entry element |
Corporations |
| General subdivision |
Corrupt practices |
| Geographic subdivision |
Russia (Federation) |
| 650 #0 - SUBJECT ADDED ENTRY--TOPICAL TERM |
| Topical term or geographic name entry element |
Corporate culture |
| Geographic subdivision |
Russia (Federation) |
| 650 #0 - SUBJECT ADDED ENTRY--TOPICAL TERM |
| Topical term or geographic name entry element |
Social networks |
| Geographic subdivision |
Russia (Federation) |
| 650 #0 - SUBJECT ADDED ENTRY--TOPICAL TERM |
| Topical term or geographic name entry element |
Business networks |
| Geographic subdivision |
Russia (Federation) |
| 651 #0 - SUBJECT ADDED ENTRY--GEOGRAPHIC NAME |
| Geographic name |
Russia (Federation) |
| General subdivision |
Politics and government |
| Chronological subdivision |
1991- |
| 651 #0 - SUBJECT ADDED ENTRY--GEOGRAPHIC NAME |
| Geographic name |
Russia (Federation) |
| General subdivision |
Economic conditions |
| Chronological subdivision |
1991- |
| 856 41 - ELECTRONIC LOCATION AND ACCESS |
| Materials specified |
Table of contents only |
| Uniform Resource Identifier |
<a href="http://www.loc.gov/catdir/toc/ecip0617/2006023279.html">http://www.loc.gov/catdir/toc/ecip0617/2006023279.html</a> |
| 906 ## - LOCAL DATA ELEMENT F, LDF (RLIN) |
| a |
7 |
| b |
cbc |
| c |
orignew |
| d |
1 |
| e |
ecip |
| f |
20 |
| g |
y-gencatlg |
| 942 ## - ADDED ENTRY ELEMENTS (KOHA) |
| Source of classification or shelving scheme |
|
| Koha item type |
Books |